000 00462nam a2200181Ia 4500
001 25110
005 20260414151128.0
008 260414t2020||||xx |||||||||||||| ||spa||
041 _aESP
082 _a346.2
_bS25
100 _aSantillán Santa Cruz, Romina
_eAUT
245 0 _aDisposición de bienes en la sociedad de gananciales
_b
260 _c2020
300 _a376 páginas :
_c24 cm.
650 _aDER
654 _aCDE
942 _cLIB
_dJUS
_fJUS
_2ddc
_n
999 _c25110
_d25110